Statistics for Countries with the Most Borders Quiz

Click here to take the quiz!

General Stats

  • This quiz has been taken 156,792 times
    (10,614 since last reset)
  • The average score is 14 of 19

Answer Stats

# Borders Country % Correct
14China
99%
14Russia
99%
9Germany
92%
9 (10)Brazil
89%
8 (11)France
88%
9D.R. Congo
86%
7Iran
77%
7Poland
77%
8Austria
73%
7Niger
72%
7Ukraine
71%
7Saudi Arabia
70%
8Turkey
70%
7Hungary
68%
8Serbia
65%
7Sudan
64%
7Mali
61%
8Tanzania
44%
8Zambia
42%

Score Distribution

Percentile by Number Answered

Percent of People with Each Score

Your Score History

You have not taken this quiz since the last reset